000
00335pab a2200145 454500
008
180718b1991 xxu||||| |||| 00| 0 eng d
100
_a
Rao, U.R.
245
_a
Three years of IRS - I A.
260
_c
1991
300
_a
13
362
_a
31 Jun.
650
_a
Indian Space Research Organisation
773
_a
Yojana
909
_a
10850
999
_c
10850
_d
10850